Bloodhound Gang - The Bad Touch Lyrics - Statistics

General Stats
  • This quiz has been taken 86 times
  • The average score is 317 of 420
Answer Stats
Hint Answer % Correct
a
100%
an
96%
I
96%
the
96%
you
96%
You
96%
do
95%
Pre-chorus (Do
95%
Me
95%
me
95%
on
95%
and
93%
And
93%
baby
93%
Channel
93%
it
93%
like
93%
Like
93%
But
91%
but
91%
Discovery
91%
let
91%
nothing
91%
So
91%
so
91%
they
91%
ain't
89%
let's
89%
mammals
89%
now
86%
now)
86%
be
82%
of
82%
Sex
82%
We
80%
we
80%
bet
79%
is
79%
my
79%
your
79%
down
77%
feel
77%
only
77%
put
77%
Verse 1 Sweat
77%
sweat
77%
that
77%
about
75%
hand
75%
I'm
75%
nuts
75%
pants
75%
Texas
75%
to
75%
hands
73%
Prince
73%
sing
73%
would
73%
I'll
71%
kind
71%
Yes
71%
you'll
71%
You'll
71%
getting
70%
(Getting
70%
up
70%
stuff
68%
are
66%
in
66%
Verse 2 Love
66%
thumbs
66%
two
66%
again
64%
touch
64%
then
63%
you're
63%
You're
63%
horny
61%
know
61%
want
61%
drought
59%
Well
59%
we'll
59%
Just
57%
just
57%
this
57%
Time
57%
Waffle
57%
Daylight
55%
House
55%
out
55%
act
54%
covered
54%
enough
54%
hashbrowns
54%
Savings
54%
smothered
54%
with
54%
X-Files
54%
animals
52%
can
52%
had
52%
style
52%
bucket
50%
clean
50%
doggy
50%
early
50%
mating
50%
mop
50%
rough
50%
bounds
48%
FedEx
48%
(I'd
48%
should
48%
there
48%
where
48%
You've
48%
hour
46%
make
46%
rise
46%
watch
46%
human
45%
apex
43%
both
43%
Ebert
43%
Egypt
43%
never
43%
South
43%
appreciate
41%
call
41%
catacombs
41%
Coming
41%
God
41%
knows
41%
motion
41%
ocean
41%
quicker
41%
than
41%
got
39%
inclined
39%
stuck
39%
battleship
38%
beings
38%
between
38%
input)
38%
mine
38%
Pacific
38%
sunk
38%
turn
38%
automatic
36%
differences
36%
drip
36%
reaching
36%
Seas
36%
yours
36%
Coffee
34%
notion
34%
show
34%
wanna
34%
Intro Haha
32%
if
32%
important
32%
Mr
32%
several
32%
Siskel
32%
very
32%
thighs
30%
advisory
29%
capsize
29%
Hieroglyphics
29%
tide
29%
CocaCola
27%
craft
27%
high
27%
small
27%
stock
27%
other
25%
Please
25%
Tool
20%
Means
18%
Lyle
16%
Lovett
14%
B5
13%
No matching quizzes found
Score Distribution
Percent of People with Each Score
Percentile by Number Answered
Your Score History
You have not taken this quiz